Asunto pendiente: la cuestión de la tierra de los desplazados internos en Guatemala /

Bewaard in:
Bibliografische gegevens
Hoofdauteur: Bailliet, Cecilia
Formaat: Texto
Onderwerpen:
Tags: Voeg label toe
Geen labels, Wees de eerste die dit record labelt!

MARC

LEADER 00000 a a2200000 04500
001 9730
003
040
100 |a Bailliet, Cecilia  
245 |a Asunto pendiente:   |b la cuestión de la tierra de los desplazados internos en Guatemala /  |c Cecilia Bailliet 
650 |a PERSONAS DESPLAZADAS  
650 |a REASENTAMIENTO  
650 |a TENENCIA DE LA TIERRA  
773 |g número 7; páginas 16-19  
999 |c 37980  |d 37980